| 000 | 00742nam a2200217Ii 4500 | ||
|---|---|---|---|
| 003 | JO-AjNU | ||
| 008 | 230605s9999||||xx |||||||||||||| ||und|| | ||
| 017 | _a2006/9/1301 | ||
| 040 |
_aJO-AjNU _bara _erda _cJO-AjNU |
||
| 041 | _aara | ||
| 050 | 1 | 4 | _aHF5655 .A28 2008 |
| 100 | 3 |
_aتأليف: ابو نصار،محمد, _eauthor _929108 |
|
| 245 | 0 | 0 | _aالمحاسبة المالية المتقدمة |
| 250 | _aط3 | ||
| 264 | 3 | 1 | _aعمان: المؤلف، 2008 |
| 300 |
_a518ص _bمقيم ومحكم علميا ،نشر بدعم من الجامعة الاردنية |
||
| 336 |
_atext _btxt _2rdacontent |
||
| 337 |
_aunmediated _bn _2rdamedia |
||
| 338 |
_avolume _bnc _2rdacarrier |
||
| 650 | 4 |
_aالمحاسبة المالية _929109 |
|
| 999 |
_aA11374 _c14942 _d14942 |
||